Chansons les plus streamées : Claude François - Statistiques

Statistiques générales
  • Ce quiz a été pris 224 fois
  • Le résultat moyen est 7 sur 10
Statistiques - réponses
Nb de streams Chanson % Correct
24 500 000 Alexandrie Alexandra
97%
34 000 000 Comme d'habitude
77%
13 500 000 Le téléphone pleure (avec Frédérique)
74%
18 000 000 Magnolias for Ever
72%
10 500 000 Le lundi au soleil
69%
30 500 000 Cette année-là
67%
21 000 000 Belles belles belles
59%
15 500 000 Bélinda
58%
9 500 000 Chanson populaire (Ça s'en va et ça revient)
50%
5 000 000 Si j'avais un marteau
44%
Aucun quiz correspondant
Distribution des résultats
% des personnes avec chaque résultat
Percentile par nombre de réponses
Votre historique - résultats
Vous n’avez pas pris ce quiz